| 000 | 01313nam a2200361 a 4500 | ||
|---|---|---|---|
| 999 |
_c389504 _d389504 |
||
| 003 | BLK | ||
| 005 | 20250802113847.0 | ||
| 008 | 200930b bul||||jr ||||||| ||bul|| | ||
| 010 | _aKNG00085469000 | ||
| 020 | _a9789542830252 | ||
| 040 | _aBLK | ||
| 041 |
_aBUL _cBUL |
||
| 080 |
_aАфинитет, приятелство, любов, симпатия _b316.647.2 _z316.647.2 |
||
| 080 |
_b177.6/.7 _z177.6/.7 |
||
| 100 | 1 |
_aФром, Ерих _eпърви автор _9135079 |
|
| 139 |
_aФром, Ерих _bФ 86 |
||
| 245 | 1 | 0 |
_aИзкуството да обичаш _cЕрих Фром; прев. от англ. Владимир Цонев Ганев. |
| 257 | _aDEU | ||
| 260 |
_bСиела Норма _c2019 _9217021 _aСофия _n978-954-28- |
||
| 300 |
_a136 с. _c20 см |
||
| 380 | _a3 | ||
| 650 | 4 |
_aЛюбов - социалнопсихологични проблеми _9257585 |
|
| 650 | 4 |
_aСоциално поведение _9248704 |
|
| 653 | _aлюбов | ||
| 653 | _aсоциално поведение | ||
| 659 | _aЛ | ||
| 700 | 1 |
_aГанев, Владимир Цонев _eпрев. от англ. _9366132 |
|
| 856 | 4 | _qpdf | |
| 856 | 4 | _qpdf | |
| 942 |
_cKNG _n0 _036 _s1 |
||
| 944 |
_aCR _c2020-09-30 _k30539 _lКръстинка Христова |
||
| 999 | _d389504 | ||